| 000 | 00662nam a2200217 a 4500 | ||
|---|---|---|---|
| 001 | 000042404 | ||
| 005 | 20201002040131.0 | ||
| 008 | 131128d1995 mx 000 d spa d | ||
| 020 | _a950511180X | ||
| 040 |
_aDO-SdBNP _bspa _cBNPHU |
||
| 082 |
_aA863.4 _bC827a |
||
| 100 | 1 |
_aCortázar, Julio _922782 |
|
| 245 | 1 | 0 |
_aAdiós, Robinson : _by otras piezas breves / _cJulio Cortázar. |
| 260 |
_aMéxico : _bAlfaguara, _c1995. |
||
| 300 |
_a170 p. ; _c22 cm. |
||
| 490 | 1 | _aBiblioteca Cortázar | |
| 650 | 4 |
_aTeatro argentina _969520 |
|
| 650 | 4 |
_aLiteratura argentina _93860 |
|
| 830 | 0 |
_aBiblioteca Cortázar _946676 |
|
| 910 | _aValidado. Control de calidad MFF | ||
| 999 |
_c41893 _d41893 |
||